Tilastot visalle Kaupunkien englanninkieliset nimet

Klikkaa tästä pelataksesi tätä visaa!

Yleistilastot

  • Tätä visaa on pelattu 60 kertaa
  • Keskiarvotulos 15 / 15

Vastaustilastot

Englantilainen NimiSuomalainen Nimi% Oikein
AthensAteena
100%
BerlinBerliini
100%
LondonLontoo
100%
MoscowMoskova
100%
RigaRiika
100%
RomeRooma
100%
StockholmTukholma
100%
WarsawVarsova
100%
KievKiova
98%
CopenhagenKööpenhamina
98%
BeijingPeking
98%
SeoulSoul
96%
ViennaWien
96%
Cape TownKapkaupunki
88%
VeniceVenetsia
81%

Tulosjakauma

Persentiili vastausten määrän mukaan

Jokaisen tuloksen saaneiden osuus

Tuloshistoriasi

Et ole pelannut tätä visaa